[Event "21.Wörishofen-Seniorenen op"]
[Site "Bad Wörishofen (03.03.-11.03)"]
[Date "2005.03.05"]
[Round "3.12"]
[White "Reimann, Guenther"]
[Black "Papenbrock, Volker"]
[Result "0-1"]
[WhiteElo "1927"]
[BlackElo "2085"]
[PlyCount "89"]
[EventDate "2005.03.??"]
[Source "Chessorg"]
[SourceDate "2005.12.10"]

1. c4 g6 2. Nf3 f5 3. g3 Nf6 4. Bg2 Bg7 5. d3 O-O 6. Nbd2 d6 7. Rb1 e5 8. e3
Qe7 9. O-O c6 10. b3 e4 11. dxe4 fxe4 12. Nd4 Bg4 13. Ne2 d5 14. h3 Be6 15. Bb2
Rd8 16. Qc2 Na6 17. Rbd1 Bf7 18. Qc1 Rac8 19. Nd4 Qe8 20. Nc2 Nc5 21. Ne1 dxc4
22. bxc4 Qe6 23. Bd4 Nd3 24. Qb1 b6 25. Bxf6 Bxf6 26. Nxe4 Ne5 27. Rc1 Be7 28.
c5 Qxa2 29. Qxa2 Bxa2 30. f4 Nd7 31. Rf2 Bd5 32. Ra1 Bxe4 33. Bxe4 Bxc5 34. Nc2
Nf6 35. Bf3 a5 36. Kf1 Nd5 37. Re2 Nc3 38. Ree1 a4 39. Rec1 b5 40. Nd4 Bxd4 41.
exd4 b4 42. d5 cxd5 43. Bxd5+ Nxd5 44. Rxc8 Rxc8 45. Rxa4 0-1

[Event "21.Wörishofen-Seniorenen op"]
[Site "Bad Wörishofen (03.03.-11.03)"]
[Date "2005.03.05"]
[Round "3.13"]
[White "Bernhoeft, Erhard"]
[Black "Fischer, Johann[35München]"]
[Result "1/2-1/2"]
[WhiteElo "1922"]
[BlackElo "2238"]
[PlyCount "89"]
[EventDate "2005.03.??"]
[Source "Chessorg"]
[SourceDate "2005.12.10"]

1. Nf3 Nf6 2. g3 d6 3. d4 c6 4. Bg2 Nbd7 5. Nbd2 e5 6. e4 Be7 7. O-O O-O 8. h3
Re8 9. b3 Bf8 10. Bb2 exd4 11. Nxd4 d5 12. exd5 Nxd5 13. N2f3 N7f6 14. c4 Ne7
15. Qc2 c5 16. Nb5 Bf5 17. Qd1 Nc6 18. Qxd8 Raxd8 19. Bxf6 gxf6 20. Nc7 Re2 21.
Nd5 Bg7 22. Rfd1 Bc2 23. Re1 Rxe1+ 24. Rxe1 f5 25. Nh4 Nd4 26. Ne3 Be4 27. f3
Bd3 28. Nd5 Ne2+ 29. Kh2 f4 30. g4 Bd4 31. Bf1 Bf2 32. Rd1 Bxh4 33. Rxd3 Bg3+
34. Kg2 Nd4 35. Nf6+ Kg7 36. Ne4 b6 37. Nxg3 fxg3 38. Kxg3 a5 39. f4 Re8 40.
Kf2 Re4 41. f5 Rf4+ 42. Kg2 h5 43. Rg3 h4 44. Re3 Nc2 45. Re2 1/2-1/2

[Event "21.Wörishofen-Seniorenen op"]
[Site "Bad Wörishofen (03.03.-11.03)"]
[Date "2005.03.05"]
[Round "3.14"]
[White "Packroff, Hermann"]
[Black "Niebaum, Karl"]
[Result "1/2-1/2"]
[WhiteElo "2103"]
[BlackElo "1774"]
[PlyCount "38"]
[EventDate "2005.03.??"]
[Source "Chessorg"]
[SourceDate "2005.12.10"]

1. Nf3 Nf6 2. d4 d5 3. c4 e6 4. Nc3 c6 5. e3 Nbd7 6. Bd3 dxc4 7. Bxc4 Bd6 8.
O-O O-O 9. e4 e5 10. Bg5 exd4 11. Qxd4 Bc5 12. Qd2 h6 13. Bh4 Ne5 14. Qxd8
Nxf3+ 15. gxf3 Rxd8 16. Rfd1 Be6 17. Bxe6 fxe6 18. Kf1 Kf7 19. Ke2 Be7 1/2-1/2

[Event "21.Wörishofen-Seniorenen op"]
[Site "Bad Wörishofen (03.03.-11.03)"]
[Date "2005.03.05"]
[Round "3.15"]
[White "Zunker, Reinhard,Dr."]
[Black "Rueggeberg, Wilhelm"]
[Result "1-0"]
[WhiteElo "2122"]
[BlackElo "1801"]
[PlyCount "53"]
[EventDate "2005.03.??"]
[Source "Chessorg"]
[SourceDate "2005.12.10"]

1. e4 c5 2. Nf3 Nc6 3. Nc3 d6 4. d4 cxd4 5. Nxd4 Nf6 6. Bc4 e6 7. Be3 Be7 8.
Qe2 Bd7 9. O-O-O a6 10. Bb3 Na5 11. f4 Nxb3+ 12. axb3 b5 13. e5 dxe5 14. fxe5
Ng8 15. Nc6 Qc7 16. Nxe7 Nxe7 17. Ne4 Ng6 18. Nd6+ Kf8 19. Rdf1 Be8 20. Qf2 Kg8
21. Bb6 Qe7 22. Qc5 Qg5+ 23. Kb1 Qxe5 24. Qc7 f6 25. Qb7 h6 26. Qxa8 Kh7 27.
Nxe8 1-0

[Event "21.Wörishofen-Seniorenen op"]
[Site "Bad Wörishofen (03.03.-11.03)"]
[Date "2005.03.05"]
[Round "3.16"]
[White "Minz, Michael"]
[Black "Neumann, Erwin"]
[Result "1-0"]
[WhiteElo "2055"]
[BlackElo "1769"]
[PlyCount "67"]
[EventDate "2005.03.??"]
[Source "Chessorg"]
[SourceDate "2005.12.10"]

1. e4 e5 2. Nf3 Nf6 3. Nc3 Nc6 4. Bb5 Bb4 5. Qe2 d6 6. Qc4 Bxc3 7. Bxc6+ bxc6
8. Qxc3 Bd7 9. d3 h6 10. h3 O-O 11. O-O Qc8 12. Kh2 Qa6 13. Be3 c5 14. b3 Rfe8
15. Ng1 Bc6 16. f4 exf4 17. Rxf4 Re6 18. Raf1 d5 19. Qxc5 dxe4 20. Rxf6 Rxf6
21. Rxf6 gxf6 22. Qf5 Qb5 23. Qxf6 Re8 24. Bd4 Kf8 25. Qxh6+ Ke7 26. c4 Qb7 27.
Qf6+ Kd7 28. Qxf7+ Re7 29. Qf5+ Ke8 30. Bc5 exd3 31. Bxe7 Kxe7 32. Qxd3 Bxg2
33. Qh7+ Kf6 34. Qh4+ 1-0

[Event "21.Wörishofen-Seniorenen op"]
[Site "Bad Wörishofen (03.03.-11.03)"]
[Date "2005.03.05"]
[Round "3.17"]
[White "Delander, Adolf"]
[Black "Dinser, Hans"]
[Result "1/2-1/2"]
[WhiteElo "2030"]
[BlackElo "1875"]
[PlyCount "30"]
[EventDate "2005.03.??"]
[Source "Chessorg"]
[SourceDate "2005.12.10"]

1. d4 d5 2. Nf3 Nf6 3. e3 e6 4. c4 c6 5. Nbd2 Bd6 6. Bd3 Nbd7 7. O-O O-O 8. e4
dxe4 9. Nxe4 Nxe4 10. Bxe4 f5 11. Bc2 Nf6 12. b3 b6 13. Qe2 Qc7 14. Bb2 Bd7 15.
Rad1 Rab8 1/2-1/2

[Event "21.Wörishofen-Seniorenen op"]
[Site "Bad Wörishofen (03.03.-11.03)"]
[Date "2005.03.05"]
[Round "3.18"]
[White "Storkebaum, Karl-Heinrich,Dr."]
[Black "Auf'm Wasser, Guenter"]
[Result "1/2-1/2"]
[WhiteElo "1877"]
[BlackElo "1613"]
[PlyCount "38"]
[EventDate "2005.03.??"]
[Source "Chessorg"]
[SourceDate "2005.12.10"]

1. d4 Nf6 2. c4 e5 3. dxe5 Ne4 4. a3 Bc5 5. e3 a5 6. Bd3 f5 7. Bxe4 fxe4 8. Qd5
Qe7 9. Nc3 c6 10. Qxe4 O-O 11. Nf3 d6 12. exd6 Qxd6 13. O-O Qc7 14. Rd1 Nd7 15.
b3 Ba7 16. b4 Bb8 17. g3 axb4 18. Ne2 Nc5 19. Qb1 Rxf3 1/2-1/2

[Event "21.Wörishofen-Seniorenen op"]
[Site "Bad Wörishofen (03.03.-11.03)"]
[Date "2005.03.05"]
[Round "3.19"]
[White "Mantzouneas, Nikolaos"]
[Black "Rahn, Oskar"]
[Result "0-1"]
[WhiteElo "1873"]
[BlackElo "2000"]
[PlyCount "114"]
[EventDate "2005.03.??"]
[Source "Chessorg"]
[SourceDate "2005.12.10"]

1. d4 Nf6 2. c4 e6 3. Nf3 b6 4. g3 Bb7 5. Bg2 Be7 6. O-O O-O 7. Nc3 Ne4 8. Nxe4
Bxe4 9. Ne1 Bxg2 10. Nxg2 d5 11. cxd5 exd5 12. b3 Nd7 13. Nf4 Nf6 14. Bb2 Rc8
15. Rc1 c6 16. Rc2 Qd7 17. h4 Bd6 18. Qc1 Qg4 19. Kg2 Rfe8 20. e3 Bxf4 21. exf4
Qe6 22. Bc3 Qe4+ 23. f3 Qd3 24. Rd2 Qb5 25. Rdf2 h5 26. Re1 Rxe1 27. Bxe1 Re8
28. Rc2 Re2+ 29. Bf2 Qd3 30. Rxe2 Qxe2 31. a4 Qe6 32. a5 bxa5 33. Qc5 Qd7 34.
Qxa5 Ne8 35. Qa6 Nd6 36. Qe2 Qe6 37. Qe5 g6 38. Qg5 Kg7 39. Qe5+ Kh7 40. Qxe6
fxe6 41. g4 Nb5 42. Kf1 Kg7 43. Ke2 Kf7 44. Kd3 Ke7 45. Be1 Kd7 46. Bb4 a6 47.
Bc5 Nd6 48. Kc3 Ne8 49. Kb4 Nf6 50. g5 Ne8 51. Bf8 Nd6 52. Kc3 Nf5 53. Kd3 Nxh4
54. Ke2 Ng2 55. Bg7 Nh4 56. Kf2 Nf5 57. Be5 Kc8 0-1

[Event "21.Wörishofen-Seniorenen op"]
[Site "Bad Wörishofen (03.03.-11.03)"]
[Date "2005.03.05"]
[Round "3.20"]
[White "Hoennekes, Klaus"]
[Black "Malin, Klaus"]
[Result "1-0"]
[WhiteElo "2011"]
[BlackElo "1691"]
[PlyCount "61"]
[EventDate "2005.03.??"]
[Source "Chessorg"]
[SourceDate "2005.12.10"]

1. e4 e5 2. f4 exf4 3. Nf3 d6 4. d4 g5 5. h4 Be7 6. hxg5 Bxg5 7. g3 Bg4 8. Nc3
c6 9. Bg2 Nf6 10. gxf4 Nxe4 11. Nxe4 Bh4+ 12. Kf1 Be7 13. Qe1 O-O 14. Qg3 f5
15. Neg5 Bxg5 16. fxg5 Qe7 17. Bd2 Qf7 18. b3 Nd7 19. Qxd6 Rae8 20. Re1 Rxe1+
21. Bxe1 Re8 22. Rh6 Nf8 23. Bd2 Ng6 24. Ne5 Nxe5 25. dxe5 f4 26. Be4 Bf5 27.
g6 hxg6 28. Bxf5 gxf5 29. Bxf4 Kg7 30. Qf6+ Qxf6 31. Rxf6 1-0

[Event "21.Wörishofen-Seniorenen op"]
[Site "Bad Wörishofen (03.03.-11.03)"]
[Date "2005.03.05"]
[Round "3.21"]
[White "Von Hoesslin, Holger"]
[Black "Ganslmayer, Herbert"]
[Result "0-1"]
[WhiteElo "1601"]
[BlackElo "1855"]
[PlyCount "66"]
[EventDate "2005.03.??"]
[Source "Chessorg"]
[SourceDate "2005.12.10"]

1. e4 g6 2. d4 Bg7 3. Nc3 d6 4. Be3 Nd7 5. Bc4 a6 6. Qd2 c6 7. Nge2 b5 8. Bd3
c5 9. dxc5 dxc5 10. Ng3 Ndf6 11. h3 Bb7 12. Bxc5 Qc7 13. Bd4 Rd8 14. Qe3 Bh6
15. Bb6 Qb8 16. Qe2 Rd6 17. Be3 Re6 18. Bxh6 Nxh6 19. Qe3 Nf5 20. Nxf5 gxf5 21.
f3 fxe4 22. Nxe4 Nd5 23. Qg5 Rg6 24. Qd2 f5 25. Nc3 Qe5+ 26. Qe2 Ne3 27. Rg1
Rhg8 28. g4 Re6 29. Kd2 Qf4 30. Bxb5+ axb5 31. Qxb5+ Bc6 32. Qd3 Nc4+ 33. Kd1
Nxb2# 0-1

[Event "21.Wörishofen-Seniorenen op"]
[Site "Bad Wörishofen (03.03.-11.03)"]
[Date "2005.03.05"]
[Round "3.22"]
[White "Harke, Horst"]
[Black "Mueller, Manfred[42Senftenb]"]
[Result "0-1"]
[WhiteElo "1657"]
[BlackElo "1901"]
[PlyCount "60"]
[EventDate "2005.03.??"]
[Source "Chessorg"]
[SourceDate "2005.12.10"]

1. d4 Nf6 2. c4 e6 3. Nc3 d5 4. e3 Be7 5. Nf3 O-O 6. Bd3 c5 7. O-O Nc6 8. Re1
b6 9. cxd5 exd5 10. Bb5 Bb7 11. Bd3 Re8 12. a3 Rc8 13. Bf5 Rb8 14. Qc2 g6 15.
Bh3 Bf8 16. dxc5 d4 17. Rd1 bxc5 18. exd4 cxd4 19. Bf4 Bd6 20. Nxd4 Nxd4 21.
Rxd4 Qe7 22. Qc1 Bxf4 23. Rxf4 Ba8 24. Rb4 Rbd8 25. g3 a5 26. Rh4 Qb7 27. Ne4
Rxe4 28. Kf1 Rxh4 29. gxh4 Qh1+ 30. Ke2 Qf3+ 0-1

[Event "21.Wörishofen-Seniorenen op"]
[Site "Bad Wörishofen (03.03.-11.03)"]
[Date "2005.03.05"]
[Round "3.23"]
[White "Lange, Manfred,Dr[33Wzb]"]
[Black "Schurig, Wilhelm"]
[Result "1/2-1/2"]
[WhiteElo "1943"]
[BlackElo "1970"]
[PlyCount "102"]
[EventDate "2005.03.??"]
[Source "Chessorg"]
[SourceDate "2005.12.10"]

1. e4 g6 2. d4 Bg7 3. Nf3 d6 4. Nc3 Nd7 5. Be2 a6 6. O-O b5 7. a4 b4 8. Nd5 a5
9. Re1 e6 10. Ne3 Ne7 11. d5 e5 12. Nf1 O-O 13. Ng3 f5 14. exf5 Nxf5 15. Ne4
Nf6 16. Nxf6+ Qxf6 17. Rf1 Nd4 18. Nxd4 exd4 19. Bf3 Ba6 20. Re1 Rae8 21. Rxe8
Rxe8 22. Bd2 Qe5 23. Rc1 Bc4 24. Qe1 Be2 25. Bxe2 Qxe2 26. b3 Kf7 27. Qxe2 Rxe2
28. Bg5 Bf6 29. Bf4 g5 30. Kf1 Re7 31. Bg3 Be5 32. Rd1 Kf6 33. h4 h6 34. hxg5+
hxg5 35. f4 Bxf4 36. Bxf4 gxf4 37. Rxd4 Kf5 38. Kf2 Re4 39. Rd3 Ke5 40. c3 bxc3
41. Rxc3 Rd4 42. Rxc7 Rxd5 43. Re7+ Kf6 44. Ra7 Kf5 45. Rf7+ Ke4 46. Ke2 Rc5
47. Re7+ Re5 48. Rb7 Rc5 49. Ra7 Kd5 50. Rb7 Kc6 51. Rb8 Kc7 1/2-1/2

[Event "21.Wörishofen-Seniorenen op"]
[Site "Bad Wörishofen (03.03.-11.03)"]
[Date "2005.03.05"]
[Round "3.24"]
[White "Wawrinsky, Ludwig"]
[Black "Fahnenschmidt, Gerhard,Dr."]
[Result "0-1"]
[WhiteElo "1703"]
[BlackElo "2020"]
[PlyCount "58"]
[EventDate "2005.03.??"]
[Source "Chessorg"]
[SourceDate "2005.12.10"]

1. e4 c5 2. Nc3 g6 3. f4 Bg7 4. Nf3 e6 5. Bc4 Ne7 6. O-O O-O 7. a4 d5 8. Ba2
dxe4 9. Nxe4 b6 10. d3 Bb7 11. Qe2 Nbc6 12. c3 Qd7 13. Neg5 Nd5 14. Ne5 Nxe5
15. fxe5 Qc7 16. Bd2 Bxe5 17. g3 Rad8 18. Rae1 Bxg3 19. hxg3 Qxg3+ 20. Qg2
Qxg2+ 21. Kxg2 Nxc3+ 22. Kg1 Nxa2 23. Re3 Rd4 24. Rh3 Rg4+ 25. Kf2 h5 26. Nf3
Bxf3 27. Rxf3 Nb4 28. Bh6 Rd8 29. Ke2 Rg2+ 0-1

[Event "21.Wörishofen-Seniorenen op"]
[Site "Bad Wörishofen (03.03.-11.03)"]
[Date "2005.03.05"]
[Round "3.25"]
[White "Kreie, Guenter"]
[Black "Nietsch, Horst"]
[Result "1-0"]
[WhiteElo "1847"]
[BlackElo "1905"]
[PlyCount "126"]
[EventDate "2005.03.??"]
[Source "Chessorg"]
[SourceDate "2005.12.10"]

1. e4 Nf6 2. e5 Nd5 3. d4 d6 4. Nf3 g6 5. Bc4 Nb6 6. Bb3 Bg7 7. O-O O-O 8. Qe2
d5 9. Be3 e6 10. Nbd2 a5 11. a3 a4 12. Ba2 Bd7 13. c4 dxc4 14. Ne4 Bc6 15. Bg5
Qd5 16. Nf6+ Bxf6 17. Bxf6 N8d7 18. Qe3 Nxf6 19. exf6 Qf5 20. Ne5 Bd5 21. Rac1
Qxf6 22. Bxc4 Bxc4 23. Nxc4 Nd5 24. Qe5 Rfd8 25. Rfe1 Kg7 26. g3 Rd7 27. Qxf6+
Nxf6 28. Ne5 Re7 29. Rc4 Nd5 30. Kg2 c6 31. f4 Ra5 32. Rc5 Ra6 33. Rc4 Rc7 34.
Re2 Nb6 35. Rc1 Rc8 36. Kf2 Rd8 37. Nf3 Rd5 38. Rcc2 Raa5 39. Ke3 Rab5 40. Ne5
f6 41. Nd3 Rb3 42. Rc3 Rxc3 43. bxc3 Nc4+ 44. Kf2 Nxa3 45. Nc5 e5 46. Ra2 exd4
47. cxd4 Nb5 48. Rxa4 b6 49. Nb3 g5 50. fxg5 fxg5 51. Ke3 Rd7 52. Rc4 Re7+ 53.
Kf3 Re6 54. Nd2 Kg6 55. Rb4 Rd6 56. Nb3 Kf5 57. g4+ Ke6 58. Ke4 Nc3+ 59. Kd3
Nd5 60. Rc4 Nf4+ 61. Ke4 Kf6 62. Rc2 Re6+ 63. Kf3 Nd5 1-0

[Event "21.Wörishofen-Seniorenen op"]
[Site "Bad Wörishofen (03.03.-11.03)"]
[Date "2005.03.05"]
[Round "3.26"]
[White "Molez, Karl"]
[Black "Diete, Guenter"]
[Result "1/2-1/2"]
[WhiteElo "1842"]
[BlackElo "1696"]
[PlyCount "81"]
[EventDate "2005.03.??"]
[Source "Chessorg"]
[SourceDate "2005.12.10"]

1. d4 d5 2. Nf3 Nf6 3. c4 e6 4. e3 Be7 5. Nc3 Nbd7 6. Be2 c6 7. O-O O-O 8. Qc2
b6 9. b3 Bb7 10. Bb2 Rc8 11. e4 dxe4 12. Nxe4 c5 13. Ng3 cxd4 14. Nxd4 Qc7 15.
Nb5 Qb8 16. Rad1 a6 17. Nc3 Qa8 18. Nce4 Rfd8 19. Bf3 b5 20. Nxf6+ Nxf6 21.
Bxb7 Qxb7 22. Bxf6 Bxf6 23. Ne4 Be7 24. Rxd8+ Rxd8 25. cxb5 Qxb5 26. Qc7 Qe8
27. Qb6 Ra8 28. Rd1 a5 29. g3 a4 30. Rb1 Rb8 31. Qe3 h6 32. Rd1 axb3 33. axb3
Qb5 34. Rd3 Ra8 35. Qf3 Ra1+ 36. Rd1 Rxd1+ 37. Qxd1 Qb4 38. Qc2 Qb7 39. Qc4 h5
40. h4 g6 41. Kf1 1/2-1/2

[Event "21.Wörishofen-Seniorenen op"]
[Site "Bad Wörishofen (03.03.-11.03)"]
[Date "2005.03.05"]
[Round "3.27"]
[White "Gehrmann, Dorit"]
[Black "Knebel, Willi"]
[Result "0-1"]
[WhiteElo "1890"]
[BlackElo "1937"]
[PlyCount "76"]
[EventDate "2005.03.??"]
[Source "Chessorg"]
[SourceDate "2005.12.10"]

1. e4 c5 2. Nf3 Nc6 3. d4 cxd4 4. Nxd4 Qb6 5. Nxc6 bxc6 6. Bd3 g6 7. O-O Bg7 8.
c3 d6 9. Qc2 Rb8 10. Nd2 Nf6 11. Nb3 O-O 12. Be3 Qc7 13. f3 c5 14. Bc4 Nd7 15.
f4 Nb6 16. Be2 Na4 17. Rab1 d5 18. Bf3 dxe4 19. Bxe4 c4 20. Nd4 Nc5 21. f5 Nxe4
22. Qxe4 Be5 23. Qh4 Bb7 24. Nf3 Bf6 25. Ng5 h5 26. fxg6 fxg6 27. Qh3 Qa5 28.
Qe6+ Kh8 29. Rxf6 exf6 30. Nf7+ Kh7 31. Qxf6 Qf5 32. Ng5+ Kg8 33. Qxf5 Rxf5 34.
Rd1 Re8 35. Bc1 Re2 36. Nf3 Rxg2+ 37. Kxg2 Bxf3+ 38. Kg3 Bxd1 0-1

[Event "21.Wörishofen-Seniorenen op"]
[Site "Bad Wörishofen (03.03.-11.03)"]
[Date "2005.03.05"]
[Round "3.28"]
[White "Schielke, Klaus"]
[Black "Luecke, Volkmar"]
[Result "0-1"]
[WhiteElo "1438"]
[BlackElo "1863"]
[PlyCount "66"]
[EventDate "2005.03.??"]
[Source "Chessorg"]
[SourceDate "2005.12.10"]

1. d4 Nf6 2. c4 g6 3. Nc3 d5 4. e3 Bg7 5. cxd5 Nxd5 6. Bc4 Nxc3 7. bxc3 O-O 8.
Ne2 a6 9. a4 Nd7 10. Ba3 Re8 11. O-O e6 12. Qc2 c5 13. Rfd1 Qc7 14. d5 exd5 15.
Bxd5 Nf6 16. Bf3 Bg4 17. Rab1 Bxf3 18. gxf3 b6 19. c4 Qc6 20. e4 Rad8 21. Bb2
Nh5 22. Bxg7 Nxg7 23. Qb3 Rxd1+ 24. Rxd1 Ne6 25. Nc3 Nd4 26. Rxd4 cxd4 27. Nd5
Re6 28. Qb4 Qc5 29. Kf1 Qxb4 30. Nxb4 a5 31. Nd5 f5 32. exf5 gxf5 33. Nf4 Rc6
0-1

[Event "21.Wörishofen-Seniorenen op"]
[Site "Bad Wörishofen (03.03.-11.03)"]
[Date "2005.03.05"]
[Round "3.29"]
[White "Reinke, Kurt[39Benrath]"]
[Black "Thonig, Manfred"]
[Result "1-0"]
[WhiteElo "1835"]
[BlackElo "1578"]
[PlyCount "115"]
[EventDate "2005.03.??"]
[Source "Chessorg"]
[SourceDate "2005.12.10"]

1. d4 f5 2. g3 Nf6 3. Bg2 e6 4. Nf3 Nc6 5. O-O b6 6. Bg5 Be7 7. c4 Bb7 8. Re1
Ne4 9. Bxe7 Nxe7 10. Nbd2 O-O 11. e3 Rb8 12. Rc1 Qe8 13. Ne5 d6 14. Nd3 Qg6 15.
Nf4 Qh6 16. d5 Nc5 17. b4 e5 18. bxc5 exf4 19. exf4 Ng6 20. c6 Bc8 21. Nb3 Nxf4
22. gxf4 Qxf4 23. Re7 Qg5 24. Rxc7 f4 25. Rxc8 Rbxc8 26. Qf3 Rce8 27. Nd4 Rf6
28. Ne6 Qe5 29. Bh3 Qb2 30. Re1 Qxa2 31. Qc3 f3 32. Nc7 Rg6+ 33. Kh1 Rxe1+ 34.
Qxe1 Qe2 35. Qf1 Rh6 36. Ne6 Rxh3 37. Qg1 g6 38. Qa1 Rxh2+ 39. Kxh2 Qxf2+ 40.
Kh3 Qg2+ 41. Kh4 Qh2+ 42. Kg4 Qg2+ 43. Kf4 g5+ 44. Kf5 Qc2+ 45. Kxg5 Qg6+ 46.
Kf4 f2 47. c7 Qf6+ 48. Kg3 Qg6+ 49. Kxf2 Qf5+ 50. Ke3 Qh3+ 51. Kd2 Qg2+ 52. Kc3
Qf3+ 53. Kb2 Qe2+ 54. Kb3 Qd3+ 55. Qc3 Qb1+ 56. Qb2 Qd3+ 57. Kb4 a5+ 58. Kb5
1-0

[Event "21.Wörishofen-Seniorenen op"]
[Site "Bad Wörishofen (03.03.-11.03)"]
[Date "2005.03.05"]
[Round "3.31"]
[White "Scheidt, Eugen"]
[Black "Mahrla, Hans,Dr."]
[Result "1/2-1/2"]
[WhiteElo "1738"]
[BlackElo "1626"]
[PlyCount "55"]
[EventDate "2005.03.??"]
[Source "Chessorg"]
[SourceDate "2005.12.10"]

1. d4 Nf6 2. c4 e6 3. Nf3 d5 4. Bg5 Bb4+ 5. Nc3 Nc6 6. cxd5 exd5 7. Qb3 h6 8.
Bxf6 Qxf6 9. Qxd5 O-O 10. e3 Re8 11. Be2 a6 12. Qb3 Be6 13. Qd1 Rad8 14. O-O
Bf5 15. Rc1 Qe7 16. a3 Bd6 17. Na4 Na7 18. Re1 c6 19. b4 Nb5 20. Qb3 Be4 21.
Nd2 Bd5 22. Bc4 Bxc4 23. Nxc4 Nxd4 24. Qc3 Nf5 25. Nxd6 Nxd6 26. Nc5 Ne4 27.
Nxe4 Qxe4 28. Red1 1/2-1/2

[Event "21.Wörishofen-Seniorenen op"]
[Site "Bad Wörishofen (03.03.-11.03)"]
[Date "2005.03.05"]
[Round "3.32"]
[White "Litterst, Reinhard"]
[Black "Xander, Karl,Dr."]
[Result "1-0"]
[WhiteElo "1843"]
[BlackElo "1886"]
[PlyCount "79"]
[EventDate "2005.03.??"]
[Source "Chessorg"]
[SourceDate "2005.12.10"]

1. d4 Nf6 2. Nf3 g6 3. c4 Bg7 4. Nc3 d5 5. e3 O-O 6. Qc2 Bf5 7. Qb3 dxc4 8.
Bxc4 Nbd7 9. Ng5 e6 10. e4 h6 11. Nxf7 Rxf7 12. exf5 Re7 13. Bxe6+ Kh8 14. O-O
Nf8 15. Be3 Nxe6 16. fxe6 Qd6 17. h3 c6 18. Rae1 Rae8 19. Qc2 Kh7 20. Qd2 Rxe6
21. Bf4 Qe7 22. Rxe6 Qxe6 23. Be5 Nd7 24. Bxg7 Kxg7 25. d5 cxd5 26. Nxd5 Qe5
27. Rc1 Nf6 28. Rc7+ Kg8 29. Nxf6+ Qxf6 30. Rxb7 Rd8 31. Rd7 Rxd7 32. Qxd7 Qxb2
33. Qxa7 Qc1+ 34. Kh2 Qf4+ 35. g3 Qe5 36. a4 g5 37. a5 h5 38. a6 h4 39. Qe3
hxg3+ 40. Qxg3 1-0

[Event "21.Wörishofen-Seniorenen op"]
[Site "Bad Wörishofen (03.03.-11.03)"]
[Date "2005.03.05"]
[Round "3.33"]
[White "Born, Bernd-Ludger,Dr."]
[Black "Malik, Heinz[36G'weil]"]
[Result "1-0"]
[WhiteElo "1954"]
[BlackElo "1528"]
[PlyCount "87"]
[EventDate "2005.03.??"]
[Source "Chessorg"]
[SourceDate "2005.12.10"]

1. d4 Nf6 2. c4 e6 3. g3 d5 4. e3 dxc4 5. Bxc4 Nc6 6. Nc3 b6 7. Nge2 Be7 8. O-O
O-O 9. f3 Bb7 10. a3 Qd7 11. b4 Rad8 12. Qc2 Nb8 13. Bb2 Qc8 14. Rac1 c5 15.
dxc5 bxc5 16. b5 Nbd7 17. e4 Ne5 18. Na4 Nxc4 19. Qxc4 Nd7 20. Qc2 a6 21. Nac3
axb5 22. Nxb5 Ba6 23. a4 Bxb5 24. axb5 Qb8 25. Rb1 Rc8 26. Kg2 Rfd8 27. Rfd1
Nb6 28. Rxd8+ Rxd8 29. Bc1 Qb7 30. Bf4 f6 31. Be3 Rc8 32. Nc3 Qc7 33. Ra1 Nc4
34. Bf2 Nb6 35. Ra6 Kf7 36. Qa2 Rb8 37. Na4 Qd8 38. Nxc5 Bxc5 39. Bxc5 Qc7 40.
Bf2 Qd7 41. Ra7 Rb7 42. Bxb6 Kg6 43. Rxb7 Qxb7 44. Qxe6 1-0

[Event "21.Wörishofen-Seniorenen op"]
[Site "Bad Wörishofen (03.03.-11.03)"]
[Date "2005.03.05"]
[Round "3.34"]
[White "Schuller, Erhard"]
[Black "Selg, Rudolf"]
[Result "0-1"]
[WhiteElo "1639"]
[BlackElo "1807"]
[PlyCount "106"]
[EventDate "2005.03.??"]
[Source "Chessorg"]
[SourceDate "2005.12.10"]

1. e4 d5 2. exd5 Qxd5 3. Nc3 Qa5 4. d4 c6 5. Nf3 Nf6 6. Bd2 Bf5 7. Bc4 e6 8.
Nd5 Qd8 9. Nxf6+ gxf6 10. Be3 Nd7 11. Qe2 Nb6 12. Bb3 Rg8 13. Nh4 Bg4 14. f3
Bh5 15. g3 Bd6 16. Ng2 Qc7 17. Bf2 O-O-O 18. O-O-O f5 19. Be3 Nd5 20. Bxd5 cxd5
21. Nf4 Bg6 22. Rd3 Qa5 23. a3 Kd7 24. Rb3 Rb8 25. Bd2 Qa4 26. Be3 Rgc8 27.
Qb5+ Qxb5 28. Rxb5 a6 29. Rb3 b5 30. Rd1 Rc4 31. Nxg6 hxg6 32. f4 a5 33. Rbd3
Rbc8 34. R1d2 b4 35. axb4 axb4 36. Bf2 Ra8 37. Kb1 Rc6 38. Rb3 Rac8 39. Re2 Rc4
40. Rd2 Bf8 41. Kc1 Bg7 42. Kd1 Kd6 43. Ke2 Kc6 44. c3 Kb5 45. Kd3 Ka4 46.
Rxb4+ Rxb4 47. cxb4 Kxb4 48. Rc2 Rc4 49. Be1+ Kb3 50. Bc3 Bxd4 51. Kd2 Bxc3+
52. bxc3 d4 53. Kd3 Rxc3+ 0-1

[Event "21.Wörishofen-Seniorenen op"]
[Site "Bad Wörishofen (03.03.-11.03)"]
[Date "2005.03.05"]
[Round "3.35"]
[White "Fischer, Ernst[37Weiden]"]
[Black "Wolf, Alfred[34Bliestal]"]
[Result "1-0"]
[WhiteElo "1940"]
[BlackElo "1736"]
[PlyCount "95"]
[EventDate "2005.03.??"]
[Source "Chessorg"]
[SourceDate "2005.12.10"]

1. d4 d5 2. Nf3 Nf6 3. Bg5 Ne4 4. Bf4 c5 5. e3 e6 6. Nbd2 Nxd2 7. Qxd2 Be7 8.
c3 Nc6 9. Bd3 Bd7 10. O-O f5 11. Rac1 g5 12. Bg3 Qb6 13. dxc5 Qxc5 14. Bc7 Bf6
15. b4 Qe7 16. b5 Nd8 17. Be5 O-O 18. c4 Nf7 19. Bxf6 Qxf6 20. cxd5 Rac8 21.
dxe6 Bxe6 22. Nd4 Bd7 23. Bc4 Kh8 24. Bxf7 Qxf7 25. Qa5 f4 26. Rxc8 Bxc8 27.
Qc3 Kg8 28. Qb3 Kg7 29. Qxf7+ Rxf7 30. exf4 Rxf4 31. Rd1 Re4 32. f3 Re7 33. Rc1
Re8 34. Kf2 Kf6 35. a4 h6 36. Rc7 Ke5 37. Nc2 a6 38. bxa6 bxa6 39. Rc6 h5 40.
Rc5+ Kf6 41. Rc6+ Kf7 42. Nb4 Bb7 43. Rb6 Bc8 44. Nxa6 Re5 45. Rb5 Re6 46. Nb4
Kg6 47. a5 Kf7 48. Rxg5 1-0

[Event "21.Wörishofen-Seniorenen op"]
[Site "Bad Wörishofen (03.03.-11.03)"]
[Date "2005.03.05"]
[Round "3.36"]
[White "Lang, Hermann[35Merzig]"]
[Black "Will, Michael[40Naumb]"]
[Result "0-1"]
[WhiteElo "1717"]
[BlackElo "1753"]
[PlyCount "84"]
[EventDate "2005.03.??"]
[Source "Chessorg"]
[SourceDate "2005.12.10"]

1. d4 g6 2. c4 Bg7 3. Nc3 Nf6 4. e4 d6 5. f3 Nbd7 6. Be3 O-O 7. Nh3 c5 8. d5
Ne5 9. Nf2 a6 10. Be2 Ne8 11. f4 Nd7 12. Qd2 Nb6 13. a4 Bd7 14. b3 f5 15. Rd1
Rb8 16. O-O Na8 17. Kh1 Qa5 18. Nb1 Qxd2 19. Nxd2 b5 20. axb5 axb5 21. Nf3 bxc4
22. bxc4 Rb3 23. Bc1 fxe4 24. Nxe4 Nf6 25. Nxf6+ Bxf6 26. Ng5 Nc7 27. f5 Bxf5
28. Bf3 Bd3 29. Rfe1 Bxc4 30. Ne6 Nxe6 31. dxe6 Rd3 32. Rxd3 Bxd3 33. Bh6 Rb8
34. h3 Rb1 35. Rxb1 Bxb1 36. Kg1 c4 37. Kf1 c3 38. Ke1 c2 39. Bc1 Ba2 40. Be4
Bb3 41. Ke2 Bxe6 42. Bxc2 Bd4 0-1

[Event "21.Wörishofen-Seniorenen op"]
[Site "Bad Wörishofen (03.03.-11.03)"]
[Date "2005.03.05"]
[Round "3.37"]
[White "Richter, Gerhard,Dr.[28Marb]"]
[Black "Blosze, Winfried"]
[Result "0-1"]
[WhiteElo "1757"]
[BlackElo "1688"]
[PlyCount "74"]
[EventDate "2005.03.??"]
[Source "Chessorg"]
[SourceDate "2005.12.10"]

1. e4 d6 2. d4 g6 3. Nc3 Bg7 4. f3 e5 5. d5 Ne7 6. Be3 f5 7. g3 O-O 8. Qd2 Nd7
9. Bh6 Nf6 10. Bxg7 Kxg7 11. Bc4 a6 12. a4 Bd7 13. Nge2 b5 14. Bd3 b4 15. Nd1
a5 16. Ne3 c5 17. b3 Bc8 18. O-O fxe4 19. Bxe4 Bb7 20. Rad1 Rc8 21. c4 Rc7 22.
g4 Bc8 23. Ng3 Neg8 24. Qg2 Rcf7 25. g5 Ne8 26. h4 Ne7 27. h5 Nf5 28. h6+ Kh8
29. Bxf5 gxf5 30. Nh5 Rg8 31. Ng7 Nxg7 32. g6 Nh5 33. gxf7 Rxg2+ 34. Nxg2 Qf8
35. Kf2 Qxf7 36. Rh1 Nf6 37. Rdg1 Ne4+ 0-1